000 00863nam a2200265 a 4500
005 20140219084929.0
008 140219b1995 ck ||||| |||| 00| 0 spa d
041 _aspa
044 _ack
090 _aLB
_b00139
110 _bColombia. Ministerio del Medio Ambiente
_96497
245 _aCorpoamazonia
_b[informes anuales y planes de acción]
260 _aMocoa
_bCORPOAMAZONIA
_c1995
300 _a4 vol.
505 _aVol. 1: Informe anual 1995
505 _aVol. 2: Informe de la gestión ambiental - objetivos y retos 1996
505 _aVol. 3: Plan de acción 1995-1997
505 _aVol. 4: Plan de acción trienal 2001-2003
650 _aGestión ambiental
_96739
650 _aPlanes de manejo ambiental
_93562
650 _aPlan de acción
_9939
650 _aComunidades indígenas
_96740
662 _aColombia
_bAmazonas
942 _cImpreso
_2z
999 _c159
_d159